Vojenské dějiny Československa do roku 1526

Salvato in:
Dettagli Bibliografici
Natura: Libro
Lingua:ceco
Pubblicazione: Praha Naše vojsko 1985
Edizione:1. vyd.
Tags: Aggiungi Tag
Nessun Tag, puoi essere il primo ad aggiungerne!!

MARC

LEADER 00000nam a2200000 4500
001 c034100
005 20241211103714.5
041 0 |a cze 
044 |a CZ 
245 1 0 |a Vojenské dějiny Československa  |b do roku 1526 
250 |a 1. vyd. 
264 1 |a Praha  |b Naše vojsko  |c 1985 
300 |a 363 s.